[Event "Syre Memorial op 43th"]
[Site "Issy les Moulineaux"]
[Date "2022.05.27"]
[Round "4.2"]
[White "Belkaid, Sohan"]
[Black "Flom, Gabriel"]
[Result "0-1"]
[WhiteElo "2072"]
[BlackElo "2480"]
[PlyCount "76"]
[EventDate "2022.05.27"]
[EventType "swiss"]
[EventRounds "7"]
[EventCountry "FRA"]
[SourceTitle "EXT 2023"]
[Source "ChessBase"]
[SourceDate "2022.10.05"]
[SourceVersion "1"]
[SourceVersionDate "2022.10.05"]
[SourceQuality "1"]

1. Nf3 Nf6 2. g3 c5 3. Bg2 Nc6 4. c4 d5 5. cxd5 Nxd5 6. 0-0 e5 7. d3 Be7 8. Nc3 Nxc3 9. bxc3 0-0 10. Rb1 Rb8 11. Nd2 Bd7 12. Nb3 b6 13. f4 exf4 14. Bxf4 Rc8 15. d4 cxd4 16. cxd4 Nb4 17. Rb2 Ba4 18. e4 Rc3 19. Rf3 Nxa2 20. Rxc3 Nxc3 21. Qd3 Bb4 22. Bd2 Bb5 23. Qf3 Ne2+ 24. Kh1 Nxd4 25. Nxd4 Qxd4 26. Rxb4 Qa1+ 27. Bf1 Bxf1 28. Bc3 Be2+ 29. Bxa1 Bxf3+ 30. Kg1 Re8 31. e5 Bd5 32. Bd4 h6 33. Ra4 Re7 34. Kf2 Kf8 35. Be3 Ke8 36. Rg4 g6 37. Bxh6 Rxe5 38. Ra4 Rh5 0-1

[Event "FRA-ch U16"]
[Site "Agen"]
[Date "2022.04.24"]
[Round "9"]
[White "Lapitski, Yaraslau"]
[Black "Belkaid, Sohan"]
[Result "1/2-1/2"]
[WhiteElo "1797"]
[BlackElo "2095"]
[PlyCount "103"]
[EventDate "2022.04.16"]
[EventType "swiss"]
[EventRounds "9"]
[EventCountry "FRA"]
[SourceTitle "EXT 2023"]
[Source "ChessBase"]
[SourceDate "2022.10.05"]
[SourceVersion "1"]
[SourceVersionDate "2022.10.05"]
[SourceQuality "1"]

1. Nf3 d5 2. d4 Nf6 3. c4 c6 4. e3 e6 5. Nc3 Nbd7 6. Bd3 dxc4 7. Bxc4 b5 8. Bd3 Bb7 9. e4 b4 10. Na4 c5 11. e5 Nd5 12. 0-0 Rc8 13. dxc5 Nxc5 14. Nxc5 Bxc5 15. Ng5 Qc7 16. Qh5 g6 17. Qf3 a6 18. Qg3 h6 19. Ne4 Be7 20. Nd6+ Bxd6 21. exd6 Qc6 22. Be4 Kd7 23. Bf4 Qc4 24. Bxd5 Qxd5 25. Rfd1 Qf5 26. Rac1 Rxc1 27. Rxc1 Rc8 28. h3 g5 29. Rxc8 Bxc8 30. Be5 f6 31. Bd4 Bb7 32. f3 a5 33. a3 e5 34. Bc5 bxa3 35. Bxa3 Qf4 36. Qe1 Qd4+ 37. Kh2 Qd5 38. Qc3 Bc6 39. Qc2 e4 40. fxe4 Qe5+ 41. Kg1 Qxe4 42. Qxe4 Bxe4 43. Kf2 Ke6 44. g3 Bc6 45. h4 gxh4 46. gxh4 Kf5 47. Kg3 h5 48. Bc5 Ke4 49. Bb6 a4 50. Bd8 Kf5 51. Ba5 Ke4 52. Bd8 1/2-1/2